Catálogo de los objetos que el establecimiento minero de Almaden presenta en la Exposición Nacional de Minería, Artes Metalúrgicas, Cerámica, Cristalería y Aguas Minerales. (Record no. 43710)

MARC details
000 -LEADER
campo de control de longitud fija 00647nam a2200157 i 4500
001 - NÚMERO DE CONTROL
campo de control 43710
003 - IDENTIFICADOR DE NÚMERO DE CONTROL
campo de control ES-MaACL
005 - FECHA Y HORA DE LA ÚLTIMA TRANSACCIÓN
campo de control 20230906160849.0
007 - CAMPO FIJO DE DESCRIPCIÓN FÍSICA--INFORMACIÓN GENERAL
campo de control de longitud fija t|
008 - DATOS DE LONGITUD FIJA--INFORMACIÓN GENERAL
campo de control de longitud fija 030318s1883 sp ||||1| spa d
245 00 - MENCIÓN DEL TÍTULO
Título Catálogo de los objetos que el establecimiento minero de Almaden presenta en la Exposición Nacional de Minería, Artes Metalúrgicas, Cerámica, Cristalería y Aguas Minerales.
260 ## - PUBLICACIÓN, DISTRIBUCIÓN, ETC.
Lugar de publicación, distribución, etc. Madrid :
Nombre del editor, distribuidor, etc. [s.n.],
Fecha de publicación, distribución, etc. 1883 (
Fabricante Fortanet)
300 ## - DESCRIPCIÓN FÍSICA
Extensión 14 p. ;
Dimensiones 16 cm.
711 2# - ENTRADA AGREGADA--NOMBRE DE REUNIÓN
Nombre de congreso/reunión o jurisdicción como elemento de entrada Exposición Nacional de Minería, Artes Metalúrgicas, Cerámica, Cristalería y Aguas Minerales (
Fecha del congreso o de la firma del tratado 1883.
Sede del congreso/Lugar de la reunión Madrid)
9 (RLIN) 707
852 ## - LOCALIZACIÓN
Ubicación ES-MaACL
Número de control de estantería T-411-F-4
Holdings
Estatus retirado Estado de pérdida Estado de daño No para préstamo Colección Biblioteca de origen Biblioteca actual Ubicación en estantería Fecha de adquisición Fuente de adquisición Total de préstamos Signatura topográfica completa Código de barras Visto por última vez Precio de reemplazo Tipo de ítem Koha
        Colección de folletos Biblioteca del Ateneo de Madrid Biblioteca del Ateneo de Madrid Depósito folletos 17/01/2008     T-411-F-4 1046013 23/02/2023 23/02/2023 Folleto